00666nam a22001937a 450000500170000001000150001702000260003203500140005803700130007208200110008510000130009624501290010926000930023827000320033130000250036350000500038870000170043870000170045520221004161955.0 aENG-135300 c599.00a9789380705095 aEN-118832 bDBAD/PUB a342.54 aOta,A.B. aPESA act and its implementation in tribal areas of Orissa:cby A.B.Ota,K.K.Patnaik and A.K.Gamangoban empirical evaluation/ aBhubaneswarbScheduled Castes and Scheduled Tribes Research and Training Institutec2010 aOrissabBhubanesware751003 axxix,175p.c22cm(Hb) aIncludes bibliographical references and index aPatnaik,K.K. aGamango,A.K.